Guidance on the use of compulsory purchase (Record no. 112754)

MARC details
000 -LEADER
fixed length control field 00997cad a22002175a 4500
001 - CONTROL NUMBER
control field E153899
008 - FIXED-LENGTH DATA ELEMENTS--GENERAL INFORMATION
fixed length control field 110919s2011 xxk f 000 0 eng d
020 ## - INTERNATIONAL STANDARD BOOK NUMBER
International Standard Book Number 9781780453385
022 1# - INTERNATIONAL STANDARD SERIAL NUMBER
International Standard Serial Number 2045-6964
035 ## - SYSTEM CONTROL NUMBER
System control number (Sirsi) u153899
041 0# - LANGUAGE CODE
Language code of text/sound track or separate title eng
100 2# - MAIN ENTRY--PERSONAL NAME
Personal name Futak-Campbell, Beatrix
245 00 - TITLE STATEMENT
Title Guidance on the use of compulsory purchase
Remainder of title an analysis of consultation responses
Medium [electronic resource]
260 ## - PUBLICATION, DISTRIBUTION, ETC.
Place of publication, distribution, etc. Edinburgh
Name of publisher, distributor, etc. Scottish Government
Date of publication, distribution, etc. 2011
520 ## - SUMMARY, ETC.
Summary, etc. Presents an analysis of the results of a consultation on two proposed new circulars on compulsory purchase and the amendment of the Crichel Down Rules. The consultation took place between 14 February and 6 May 2011.
590 ## - LOCAL NOTE (RLIN)
Local note KA
651 #4 - SUBJECT ADDED ENTRY--GEOGRAPHIC NAME
Geographic name Scotland
Chronological subdivision 1999-
690 ## - LOCAL SUBJECT ADDED ENTRY--TOPICAL TERM (OCLC, RLIN)
Topical term or geographic name as entry element ENVIRONMENTAL AND LAND CONSULTANCY-PLANNING AND DEVELOPMENT-COMPULSORY PURCHASE AND COMPENSATION
856 40 - ELECTRONIC LOCATION AND ACCESS
Uniform Resource Identifier <a href="https://www.scotland.gov.uk/Publications/2011/08/23103120/0">https://www.scotland.gov.uk/Publications/2011/08/23103120/0</a>
Public note View the report free of charge at www.scotland.gov.uk
942 ## - ADDED ENTRY ELEMENTS (KOHA)
Suppress in OPAC 0
Holdings
Withdrawn status Lost status Source of classification or shelving scheme Damaged status Not for loan Home library Current library Shelving location Date acquired Total Checkouts Full call number Barcode Date last seen Copy number Price effective from Koha item type
    Dewey Decimal Classification     Virtual Virtual Online 19/09/2011   ONLINE PUBLICATION 153899-1001 06/08/2019 1 06/08/2019 Book